Zootecnia especial (Record no. 24836)

MARC details
000 -LEADER
campo de control de longitud fija 00555nam a2200157 i 4500
001 - NÚMERO DE CONTROL
campo de control 24836
003 - IDENTIFICADOR DE NÚMERO DE CONTROL
campo de control ES-MaACL
007 - CAMPO FIJO DE DESCRIPCIÓN FÍSICA--INFORMACIÓN GENERAL
campo de control de longitud fija t|
008 - DATOS DE LONGITUD FIJA--INFORMACIÓN GENERAL
campo de control de longitud fija 021219s1947 sp ||||1| spa d
100 1# - ENTRADA PRINCIPAL--NOMBRE DE PERSONA
Nombre de persona Aparicio Sánchez, Gumersindo.
9 (RLIN) 22078
245 10 - MENCIÓN DEL TÍTULO
Título Zootecnia especial
Resto del título : etnología compendiada /
Mención de responsabilidad, etc. descripción y estudio de razas nacionales y extranjeras... por Gumersindo Aparicio Sánchez.
250 ## - MENCION DE EDICION
Mención de edición 2ª ed. aum.
260 ## - PUBLICACIÓN, DISTRIBUCIÓN, ETC.
Lugar de publicación, distribución, etc. [Córdoba :
Nombre del editor, distribuidor, etc. s.n.,
Fecha de publicación, distribución, etc. 1947] (
Fabricante Imp. Moderna)
300 ## - DESCRIPCIÓN FÍSICA
Extensión XIX, 465 p. :
Otras características físicas il. ;
Dimensiones 25 cm.
852 ## - LOCALIZACIÓN
Ubicación ES-MaACL
Número de control de estantería E-564
Sublocalización o colección R.26754
Holdings
Estatus retirado Estado de pérdida Estado de daño No para préstamo Biblioteca de origen Biblioteca actual Ubicación en estantería Fecha de adquisición Fuente de adquisición Total de préstamos Signatura topográfica completa Código de barras Visto por última vez Precio de reemplazo Tipo de ítem Koha
        Biblioteca del Ateneo de Madrid Biblioteca del Ateneo de Madrid Depósito 2 17/01/2008     E-564 1025605 23/02/2023 23/02/2023 Libro impreso